Pays aléatoire par domaine internet national - Statistiques

Statistiques générales
  • Ce quiz a été pris 418 fois
  • Le résultat moyen est 8 sur 20
Statistiques - réponses
Domaine Pays % Correct
.be Belgique
100%
.fr France
100%
.it Italie
100%
.jp Japon
100%
.kz Kazakhstan
100%
.no Norvège
100%
.pl Pologne
100%
.ru Russie
100%
.au Australie
93%
.ro Roumanie
92%
.us Etats-Unis
91%
.rw Rwanda
90%
.fi Finlande
89%
.sk Slovaquie
89%
.dk Danemark
88%
.is Islande
88%
.nz Nouvelle-Zélande
87%
.kw Koweït
86%
.nl Pays-Bas
86%
.uk Royaume-Uni
86%
.cz Tchéquie
86%
.ye Yémen
82%
.fj Fidji
80%
.gh Ghana
80%
.al Albanie
78%
.bz Belize
78%
.va Vatican
78%
.ve Venezuela
77%
.ca Canada
75%
.lu Luxembourg
75%
.tz Tanzanie
75%
.zw Zimbabwe
75%
.hu Hongrie
71%
.jo Jordanie
71%
.lt Lituanie
71%
.qa Qatar
71%
.td Tchad
71%
.es Espagne
70%
.pt Portugal
70%
.bw Botswana
67%
.dj Djibouti
67%
.ki Kiribati
67%
.my Malaisie
67%
.sy Syrie
67%
.th Thaïlande
67%
.ar Argentine
64%
.bg Bulgarie
64%
.ng Nigeria
63%
.tr Turquie
63%
.ua Ukraine
63%
.co Colombie
62%
.de Allemagne
60%
.lv Lettonie
60%
.uz Ouzbékistan
60%
.tv Tuvalu
60%
.ls Lesotho
58%
.bo Bolivie
57%
.cy Chypre
57%
.iq Irak
57%
.om Oman
57%
.uy Uruguay
57%
.af Afghanistan
56%
.gr Grèce
56%
.mx Mexique
56%
.ni Nicaragua
56%
.vn Viêt Nam
56%
.br Brésil
55%
.pe Pérou
55%
.pk Pakistan
53%
.at Autriche
50%
.et Ethiopie
50%
.ge Géorgie
50%
.ke Kenya
50%
.mz Mozambique
50%
.np Népal
50%
.py Paraguay
50%
.ph Philippines
50%
.ch Suisse
50%
.tw Taïwan
50%
.tg Togo
50%
.kg Kirghizistan
47%
.dm Dominique
46%
.jm Jamaïque
46%
.vu Vanuatu
46%
.ie Irlande
44%
.bh Bahreïn
43%
.ir Iran
43%
.mw Malawi
43%
.cu Cuba
42%
.zm Zambie
42%
.hr Croatie
40%
.ht Haïti
40%
.in Inde
40%
.lb Liban
40%
.na Namibie
40%
.sd Soudan
40%
.ma Maroc
35%
.eg Egypte
33%
.do République dominicaine
33%
.tj Tadjikistan
33%
.sz Eswatini
31%
.ly Libye
31%
.bt Bhoutan
30%
.se Suède
30%
.dz Algérie
29%
.gt Guatemala
29%
.hn Honduras
27%
.li Liechtenstein
27%
.mg Madagascar
27%
.md Moldavie
27%
.ug Ouganda
25%
.cg République du Congo
25%
.ee Estonie
23%
.bd Bangladesh
22%
.mm Birmanie
22%
.ec Equateur
22%
.ml Mali
22%
.so Somalie
22%
.tt Trinité-et-Tobago
22%
.gm Gambie
21%
.to Tonga
20%
.ad Andorre
19%
.kh Cambodge
18%
.cm Cameroun
18%
.cv Cap-Vert
18%
.mv Maldives
18%
.am Arménie
17%
.ae Emirats Arabes Unis
17%
.ga Gabon
17%
.mc Monaco
17%
.si Slovénie
17%
.tn Tunisie
17%
.sg Singapour
15%
.bb Barbade
14%
.bf Burkina Faso
14%
.cn Chine
14%
.il Israël
14%
.la Laos
14%
.nr Nauru
14%
.sm Saint-Marin
14%
.kr Corée du Sud
13%
.cl Chili
11%
.ci Côte d'Ivoire
11%
.er Erythrée
11%
.id Indonésie
11%
.lr Liberia
11%
.bn Brunei
10%
.pa Panama
10%
.st Sao Tomé-et-Principe
10%
.fm Micronésie
9%
.sv Salvador
9%
.ba Bosnie-Herzégovine
8%
.mk Macédoine du Nord
8%
.mn Mongolie
8%
.ne Niger
8%
.pw Palaos
8%
.pg Papouasie-Nouvelle-Guinée
8%
.za Afrique du Sud
0%
.ao Angola
0%
.sa Arabie saoudite
0%
.az Azerbaïjan
0%
.bs Bahamas
0%
.bj Bénin
0%
.by Biélorussie
0%
.bu Birmanie
0%
.bi Burundi
0%
.km Comores
0%
.cr Costa Rica
0%
.ag Antigua-et-Barbuda
0%
.gd Grenade
0%
.gw Guinée-Bissau
0%
.gq Guinée équatoriale
0%
.gy Guyana
0%
.ck Îles Cook
0%
.mh Îles Marshall
0%
.sb Îles Salomon
0%
.mt Malte
0%
.mu Maurice
0%
.mr Mauritanie
0%
.cf République centrafrique
0%
.cd République démocratique du Congo
0%
.kn Saint-Christophe-et-Niévès
0%
.lc Sainte-Lucie
0%
.vc Saint-Vincent-et-les-Grenadines
0%
.ws Samoa
0%
.sn Sénégal
0%
.sc Seychelles
0%
.sl Sierra Leone
0%
.lk Sri Lanka
0%
.sr Suriname
0%
.tl Timor oriental
0%
.tp Timor oriental
0%
.tm Turkménistan
0%
Aucun quiz correspondant
Distribution des résultats
% des personnes avec chaque résultat
Percentile par nombre de réponses
Votre historique - résultats
Vous n’avez pas pris ce quiz